000 00341nam a2200121Ia 4500
008 230907s9999||||xx |||||||||||||| ||und||
082 _a70.422
_bTAR
245 0 _aہزاروں ہیں شکوے , Hazaroan hain shikway /
260 _aSang-E-Meel Publications,
_bLahore :
_c2012
300 _a371 p.
650 _aUrdu Literature
942 _cBK
999 _c599710
_d599710